| 000 | 00451cam a2200181 4500 | ||
|---|---|---|---|
| 001 | D8787 | ||
| 008 | 090401t1971 xxu||||| |||| 00| 0 eng d | ||
| 035 | _a(Sirsi) u15282 | ||
| 041 | _aeng | ||
| 050 | _a711.552 | ||
| 100 | _aSmith, David M | ||
| 245 | _aIndustrial location: an economic geographical analysis | ||
| 260 |
_aLondon _bJohn Wiley and Sons _c1971 |
||
| 300 | _axii. 553p. 23cm | ||
| 350 | _a3.95 | ||
| 942 | _n0 | ||
| 948 | _c04/03/1997 | ||
| 999 |
_c87270 _d87270 |
||